| 000 | 00358nam a2200133Ia 4500 | ||
|---|---|---|---|
| 008 | 220214s9999 xx 000 0 und d | ||
| 100 | _aMenon Radha | ||
| 245 | 0 | _aBiochemical studies on the yellow leaf disease on arecanut palms | |
| 260 |
_bArecanut Journal _c1961 |
||
| 300 | _a16-21 | ||
| 650 | _aArecanut | ||
| 650 | _aYellow leaf disease | ||
| 942 | _cRE | ||
| 999 |
_c46202 _d46202 |
||